The NASA atlas of the Solar System / (Record no. 8550)
[ view plain ]
| 000 -LEADER | |
|---|---|
| fixed length control field | 01327nac a22003131u 4500 |
| 008 - FIXED-LENGTH DATA ELEMENTS--GENERAL INFORMATION | |
| fixed length control field | 130129s1997 enkill | |||| 001 0 eng d |
| 010 ## - | |
| -- | 96009518 |
| 020 ## - INTERNATIONAL STANDARD BOOK NUMBER | |
| International Standard Book Number | 0521561272 : |
| 082 00 - DEWEY DECIMAL CLASSIFICATION NUMBER | |
| Classification number | 523.20223 |
| Item number | GRE |
| Edition number | 22 |
| 100 ## - MAIN ENTRY--PERSONAL NAME | |
| Personal name | Greeley, Ronald. |
| 9 (RLIN) | 32118 |
| 245 14 - TITLE STATEMENT | |
| Title | The NASA atlas of the Solar System / |
| Statement of responsibility, etc | Ronald Greeley, Raymond Batson. |
| 246 30 - VARYING FORM OF TITLE | |
| Title proper/short title | Atlas of the solar system |
| 260 ## - | |
| -- | Cambridge [England] ; |
| -- | New York : |
| -- | Cambridge University Press,1997. |
| -- | 1997. |
| 300 ## - PHYSICAL DESCRIPTION | |
| Extent | 1 atlas (369 p.) : |
| Other physical details | col. ill., col. maps ; |
| Dimensions | 46 cm. |
| 336 ## - CONTENT TYPE | |
| Source | rdacontent |
| Content type term | text |
| Content type code | txt |
| 337 ## - MEDIA TYPE | |
| Media type term | unmediated |
| Source | rdamedia |
| Media type code | n |
| 338 ## - CARRIER TYPE | |
| Carrier type term | volume |
| Carrier type code | nc |
| Source | rdacarrier |
| 500 ## - GENERAL NOTE | |
| General note | Maps created by the Astrogeology branch of the U.S. Geological Survey. |
| 500 ## - GENERAL NOTE | |
| General note | Distributer: Al-Ahram |
| 504 ## - BIBLIOGRAPHY, ETC. NOTE | |
| Bibliography, etc | Includes gazetteer, index and bibliographical references. |
| 511 ## - | |
| -- | Catalogued by: Sara |
| 650 #0 - SUBJECT ADDED ENTRY--TOPICAL TERM | |
| Topical term or geographic name as entry element | Planets |
| General subdivision | Maps. |
| 9 (RLIN) | 32119 |
| 651 #0 - SUBJECT ADDED ENTRY--GEOGRAPHIC NAME | |
| Geographic name | Solar system |
| General subdivision | Maps. |
| 9 (RLIN) | 32120 |
| 700 1# - ADDED ENTRY--PERSONAL NAME | |
| Personal name | Batson, Raymond M. |
| 9 (RLIN) | 32121 |
| 710 2# - ADDED ENTRY--CORPORATE NAME | |
| Corporate name or jurisdiction name as entry element | Geological Survey (U.S.). |
| Subordinate unit | Branch of Astrogeology. |
| 9 (RLIN) | 32122 |
| 856 42 - ELECTRONIC LOCATION AND ACCESS | |
| Materials specified | Publisher description |
| Uniform Resource Identifier | <a href="http://www.loc.gov/catdir/description/cam027/96009518.html">http://www.loc.gov/catdir/description/cam027/96009518.html</a> |
| 856 42 - ELECTRONIC LOCATION AND ACCESS | |
| Materials specified | Table of contents |
| Uniform Resource Identifier | <a href="http://www.loc.gov/catdir/toc/cam021/96009518.html">http://www.loc.gov/catdir/toc/cam021/96009518.html</a> |
| 942 ## - ADDED ENTRY ELEMENTS (KOHA) | |
| Koha item type | NB - Book (Non borrowing) |
| Call number prefix | 523.20223 GRE |
| Source of classification or shelving scheme | Dewey Decimal Classification |
| Classification part | RDA-MOD |
| Withdrawn status | Lost status | Source of classification or shelving scheme | Damaged status | Not for loan | Home library | Current library | Shelving location | Date acquired | Total Checkouts | Full call number | Barcode | Date last seen | Koha item type |
|---|---|---|---|---|---|---|---|---|---|---|---|---|---|
| Dewey Decimal Classification | Central Library | Central Library | First floor | 08/03/2012 | 523.20223 GRE | 000010337 | 10/02/2026 | NB - Book (Non borrowing) |